Advanced mechanics of materials

Uloženo v:
Podrobná bibliografie
Hlavní autoři: Boresi, Arthur Peter (Autor), Sidebottom, Omar Marion (Autor)
Médium: Kniha
Jazyk:angličtina
Vydáno: Nueva York John Wiley 1985
Vydání:4a. ed
Témata:
Tagy: Přidat tag
Žádné tagy, Buďte první, kdo vytvoří štítek k tomuto záznamu!

MARC

LEADER 00000nam a2200000 a 4500
001 UCX3885
003 CL-VaPUC
008 920116e19850000US |||||||||||||||||eng|d
082 0 4 |a 620.112  |b BOR  |2 21 
100 0 |a Boresi, Arthur Peter  |e author  |9 320088 
700 0 |a Sidebottom, Omar Marion  |e author  |9 320089 
245 1 0 |a Advanced mechanics of materials 
250 |a 4a. ed 
300 |a 763 p 
942 |c BK 
945 |d 19920116 00:00:00 
260 |a Nueva York  |b John Wiley  |c 1985 
650 0 |a Resistencia de materiales  |9 260095 
583 |a last modification  |c 19920116 00:00:00  |k Rodrigo Vera 
999 |c 224513  |d 224511 
952 |0 0  |1 0  |4 0  |6 620_112000000000000_BOR_1985  |7 0  |8 A  |9 221210  |a BIBCUR  |b BIBCUR  |d 2019-11-15  |i 2899795  |o 620.112 BOR 1985  |p 2899795  |r 2025-04-22  |w 2019-11-15  |y BK  |k FIS